000 00430cam a2200169ua 4500
020 _c180.00
041 _aeng
_h
082 _a004.16
_bMIN/CO
100 _aMinasi, Mark .
245 _aComplete PC upgrade and maintenance guide /
_cMark Minasi.
_hTextual Documents
260 _aNew Delhi :
_bB P B Publishers ,
_c1992.
300 _a608 ; .
365 _a180.00
504 _a
942 _cBK
999 _c9756
_d9756